Jezdkyně světla - Zmizení v Pandorii /
Jezdkyně světla se podařilo rozdělit. Lisa, Alex a Linda se vydávají na zoufalou misi, aby našly ztracenou Anne. Zachrání ji ale dřív, než bude příliš pozdě? Vše totiž hraje proti nim. Nevědí, komu mohou věřit a tajemství z minulosti, která vyplouvají na povrch, je děsí. Kdo po nich jde? A proč? Mís...
Uloženo v:
| Série: | Jezdkyně světla,
část 5 |
|---|---|
| Hlavní autor: | |
| Médium: | E-kniha |
| Jazyk: | Czech |
| Vydáno: |
Praha :
Albatros Media a.s.,
2026
|
| Příbuzné jednotky: | Z cyklu::
Jezdkyně světla |
| Tagy: |
Žádné tagy |
| LEADER | 01507nam a22002417i 4500 | ||
|---|---|---|---|
| 001 | 302230 | ||
| 007 | ta | ||
| 008 | 260510s2026 xr ||||| |||| 00| 0 cze d | ||
| 020 | |a 9788025377703 | ||
| 044 | |a xr | ||
| 100 | 1 | |a Dahlgren, Helena |4 aut | |
| 245 | 1 | 0 | |a Jezdkyně světla - Zmizení v Pandorii / |c Dahlgren, Helena |
| 240 | 1 | 0 | |a Soul Riders - Prisoner of Pandoria |
| 264 | 1 | |a Praha : |b Albatros Media a.s., |c 2026 | |
| 300 | |a 1 online zdroj (144 stran) | ||
| 336 | |a text |b txt |2 rdacontent | ||
| 337 | |a bez média |b n |2 rdamedia | ||
| 338 | |a online zdroj |b cr |2 rdacarrier | ||
| 520 | 2 | |a Jezdkyně světla se podařilo rozdělit. Lisa, Alex a Linda se vydávají na zoufalou misi, aby našly ztracenou Anne. Zachrání ji ale dřív, než bude příliš pozdě? Vše totiž hraje proti nim. Nevědí, komu mohou věřit a tajemství z minulosti, která vyplouvají na povrch, je děsí. Kdo po nich jde? A proč? Místo odpovědí na ně čeká rozhodnutí – nelehká volba, která může stát životy. | |
| 787 | 0 | 8 | |g 5 |i Z cyklu: |t Jezdkyně světla |
| 910 | |a RBIT002 | ||
| 998 | |d 426839 |a https://core.palmknihy.cz/api/books/426839/cover?teqlsr |b https://core.palmknihy.cz/api/books/426839/cover/400?teqlsr |c https://core.palmknihy.cz/api/books/426839/cover/50?teqlsr |e 2030-06-30 |g 144 |i 9788025377703 |j https://core.palmknihy.cz/api/books/426839/preview.epub |k https://core.palmknihy.cz/api/books/426839/preview.pdf |l |q 49 |r 1 |s https://www.palmknihy.cz/kniha/426839 |t ebook |y 2026 |z 1 |v Jezdkyně světla |w 5 | ||
| 999 | |d 302228 | ||